According to Kotler : (Registro nro. 10667)

Detalles MARC
000 -LIDER
fixed length control field 00728nam a22002417a 4500
001 - NÚMERO DE CONTROL
Identificador de número de control 000344
003 - IDENTIFICACDOR DE NÚMERO DE CONTROL
control field DO-SdBNP
005 - DATE AND TIME OF LATEST TRANSACTION
control field 20171113114920.0
007 - CAMPOS FIJOS DE DESCRIPCIÓN FÍSICA
fixed length control field 000344
008 - ELEMENTOS DE LONGITUD FIJA
fixed length control field 160704b 2005 nyu xxu||||| |||| 00| 0 spa d
020 ## - ISBN
International Standard Book Number 0814472958
040 ## - FUENTE DE CATALOGACIÓN
Agencia que crea de manera original el registro BPMSU
Idioma de catalogación spa
Agencia que realiza la transcripción BPMSU
092 ## - LOCALLY ASSIGNED DEWEY DECIMAL CALL NUMBER
Número de clasificación 658.8
Número de ítem (Cutter) K87a
100 1# - ASIENTO PRINCIPAL -- NOMBRE PERSONAL
Nombre personal Kotler, Philip
245 10 - MENCIÓN DE TITULO
Título According to Kotler :
Subtítulo the world's foremost authority on marketing answers your questions.
Mención de responsabilidad Philip Kotler.
260 ## - PUBLICACIÓN, DISTRIBUCIÓN, ETC. (PIE DE IMPRENTA)
Lugar de publicación, distribución, etc New York :
Nombre del editor, distribuidor, etc. AMACOM,
Fecha de publicación, distribución, etc 2005.
300 ## - DESCRIPCIÓN FÍSICA
Extensión 168 p. ;
Dimensiones 23 cm.
650 #4 - ENCABEZAMIENTO DE MATERIA--TEMÁTICO
Término temático o nombre geográfico como elemento de entrada MERCADEO
910 ## - VALIDACIÓN
Validación Validado. Control de calidad MFF
942 ## - ADDED ENTRY ELEMENTS (KOHA)
Source of classification or shelving scheme Dewey Decimal Classification
Koha item type Libros
945 ## - INFORMACIÓN DE PROCESAMIENTO LOCAL
Información de procesamiento local Inventariado extrajenro / 2017 VM
956 ## - LOCAL ELECTRONIC LOCATION AND ACCESS (OCLC)
Método de acceso LOPEREZ
Materiales especificados 10
Enlace 20160704
Campo enlazado y núm. de secuencia BPMSU
Nombre de host 00041
Existencias
Withdrawn status Lost status Source of classification or shelving scheme Damaged status Not for loan Collection code Home library Current library Date acquired Source of acquisition Total Checkouts Full call number Barcode Date last seen Price effective from Koha item type
    Dewey Decimal Classification     Colección General Biblioteca Pública Metropolitana Salomé Ureña Biblioteca Pública Metropolitana Salomé Ureña 07/04/2016 Roberto Antonio Férnandez   658.8 K87a BPMSU16070048 07/04/2016 07/04/2016 Libros